000 00853nam a22002057a 4500
999 _c860
_d860
003 AR-CdUCM
008 190225b ||||| |||| 00| 0 spa d
040 _aMUNICIPALIDAD PROVINCIAL DEL CUSCO
_cBIBLIOTECA MUNICIPAL DEL CUSCO
082 _a923.85 /
_bAN61
100 _aAngles Vargas, Victor
_93228
245 _aMis recuerdos a pedazos /
260 _aCusco :
_bTalleres gráficos de studio creativo punto com,
_c2006.
300 _a387 páginas ;
_c20.5 cm.
505 _aContenido: De mi nacimiento a la juventud -- El Cusco que conocí en mi infancia -- Lo que constituye y significa el parque arqueológico de Sacsayhuamán -- En la "lotería Cusco" -- En la Universidad San Antonio Abad del Cusco ...
650 _aHistoria
_9136
650 _aAutobiografía
_92301
650 _aMemorias
_9235
942 _2ddc
_cLIBROS
945 _aafb
_d2019-02-25